| 000 | 00511nam a2200169Ia 4500 | ||
|---|---|---|---|
| 999 |
_c36555 _d36555 |
||
| 003 | OSt | ||
| 005 | 20201221132949.0 | ||
| 008 | 190216s9999||||xx |||||||||||||| ||und|| | ||
| 020 | _a8171322255 | ||
| 040 | _coclc | ||
| 082 |
_a320.454 _bJAI/E |
||
| 100 |
_aJain, U C _97734 |
||
| 245 | 0 |
_aEncyclopaedia Of Indian Government And Politics / _cU C Jain ; Jeevan Nair |
|
| 260 |
_bPointer Publishers, _c2000. _aJaipur: |
||
| 300 | _a312p | ||
| 942 |
_cREF _2ddc _h320.454 _iJAI/E _k320.454 _mJAI/E |
||